|
|
|
|
| LEADER |
01315nam a22002537a 4500 |
| 001 |
AAL3990 |
| 003 |
BD-DhAAL |
| 005 |
20160220143003.0 |
| 008 |
160220b 1989bg ||||| |||| 00| 0 ben d |
| 040 |
|
|
|a BD-DhAAL
|c BD-DhAAL
|
| 082 |
|
|
|a 320.95492
|
| 100 |
|
|
|a উমর, বদরুদ্দীন
|9 18089
|
| 245 |
|
|
|a সামরিক শাসন ও বাঙলাদেশের রাজনীতি /
|c বদরুদ্দীন উমর
|
| 260 |
|
|
|a ঢাকা :
|b প্রতীক প্রকাশনী,
|c ১৯৮৯
|
| 300 |
|
|
|a ১৩৫ পৃ. ;
|c ২২ সে.মি.
|
| 541 |
|
|
|e 3990
|
| 651 |
|
|
|a Bangladesh -
|x Politics and government
|y 1971-
|9 18090
|
| 651 |
|
|
|a Bangladesh
|x Armed Forces
|x Political activity.
|9 18091
|
| 852 |
|
|
|a Savar Campus Library
|c General Shelf
|
| 942 |
|
|
|2 ddc
|c BK
|
| 999 |
|
|
|c 36902
|d 36902
|
| 952 |
|
|
|0 0
|1 0
|2 ddc
|4 0
|6 320_954920000000000_UMO
|7 0
|9 58090
|a SCL
|b SCL
|c GEN
|d 2016-02-20
|g 62.00
|l 0
|o 320.95492 UMO
|p 3020003990
|r 2016-02-20
|t 1
|w 2016-02-20
|y BK
|
| 952 |
|
|
|0 0
|1 0
|2 ddc
|4 0
|6 320_954920000000000_UMO
|7 0
|9 58380
|a SCL
|b SCL
|c GEN
|d 2016-03-15
|g 62.00
|l 0
|o 320.95492 UMO
|p 3020001908
|r 2016-03-15
|t 2
|w 2016-03-15
|y BK
|
| 952 |
|
|
|0 0
|1 0
|2 ddc
|4 0
|6 320_954920000000000_UMO
|7 0
|9 58381
|a SCL
|b SCL
|c GEN
|d 2016-03-15
|g 62.00
|l 0
|o 320.95492 UMO
|p 3020001980
|r 2016-03-15
|t 3
|w 2016-03-15
|y BK
|